| 000 | 00597nam a2200217Ia 4500 | ||
|---|---|---|---|
| 003 | OSt | ||
| 005 | 20230511161035.0 | ||
| 008 | 210423s2009 xx 000 0 und d | ||
| 020 | _a9788180521805 | ||
| 040 | _cAL | ||
| 041 | _aeng | ||
| 082 |
_a620.5 _223 _bSRIB |
||
| 100 |
_aSRIVASTAVA (Alok);ROY (Ipsita). _9103869 |
||
| 245 | _aBio-nano-geo sciences: the future challenge. | ||
| 260 |
_aNew Delhi _bAne Books _c2009 |
||
| 300 |
_axxiv,229 _bHB |
||
| 365 |
_b795 _cINR |
||
| 650 |
_aNanotechnology _9103870 |
||
| 906 | _aBio-nano-geo ; challenge. ; future ; sciences: | ||
| 942 |
_2ddc _cBK |
||
| 999 |
_c164330 _d164330 |
||